Museu Arqueològic de Barcelona / [redacció i muntatge: E. Ripoll] E. Ripoll]
Publicado:
[Barcelona] :
Institut de Prehistòria i Arqueologia de la Diputació Provincial de Barcelona ,
1978
Descripción Física:
[8] p. : il. ; 19 x 16 cm
Materias:
Museu Arqueològic de Barcelona -- Guies
MARC
| LEADER | 00000nam a2200000Ia 4500 | ||
|---|---|---|---|
| 001 | 15665 | ||
| 008 | 160829s1978 xx 000 0 cat d | ||
| 080 | |a FU-39-33 | ||
| 100 | 1 | |a Ripoll i Perelló, Eduard, |d 1923-2006 |9 20913 | |
| 245 | |a Museu Arqueològic de Barcelona / [redacció i muntatge: |b E. Ripoll] | ||
| 260 | |a [Barcelona]: |b Institut de Prehistòria i Arqueologia de la Diputació Provincial de Barcelona, |c 1978 | ||
| 300 | |a [8] p. : |b il. ; |c 19 x 16 cm | ||
| 610 | 2 | 0 | |a Museu Arqueològic de Barcelona |v Guies |9 55273 |
| 710 | 2 | |a Institut de Prehistòria i Arqueologia (Barcelona, Catalunya) |9 52785 | |
| 901 | |a Arxiu | ||
| 942 | |n 1 | ||
| 952 | |0 0 |1 0 |4 0 |6 FU3933 |7 1 |9 41744 |a Arxiu |b Arxiu |d 2016-12-01 |l 0 |o FU-39-33 |p 15665 |r 2016-12-01 00:00:00 |w 2016-12-01 |y ARXIU | ||
| 999 | |c 43634 |d 43634 | ||